| 000 | 00692nam a2200289Ia 4500 | ||
|---|---|---|---|
| 008 | 160716s9999||||xx |||||||||||||| ||und|| | ||
| 040 | _cEnglish | ||
| 082 | _aXI.A/Kaegi | ||
| 082 | _bBORI-12103 | ||
| 100 | _aAdolf Kaegi | ||
| 245 | _aLife in ancient India | ||
| 260 | _aCalcutta | ||
| 260 | _bSushil Gupta Ltd | ||
| 260 | _c1950 | ||
| 300 | _a120 | ||
| 300 | _cA | ||
| 300 | _ePaperback | ||
| 530 | _u00012103.pdf | ||
| 563 | _aStudy | ||
| 600 | _aAdolf Kaegi | ||
| 630 | _aLife in ancient India | ||
| 650 | _a"Politics, History and Historiography" | ||
| 650 | _aGeneral Indology | ||
| 700 | _aAdolf Kaegi | ||
| 730 | _aLife in ancient India | ||
| 942 | _cBOOK | ||
| 999 |
_c1394271 _d1394268 |
||